| 000 | 00377 a2200121 4500 | ||
|---|---|---|---|
| 001 | ART_2377 | ||
| 005 | 20260410161725.0 | ||
| 008 | 260409a | ||
| 245 | 1 | 0 | _aEmpleo del análisis decisorio en problemas de inversión |
| 100 | 1 | _aHax, Arnaldo C. | |
| 700 | 1 | _aWllg, Karl M. | |
| 773 | 0 |
_tAdministración de empresas _g- Año 7, Nº 80 (nov. 1976) _wREV2036 |
|
| 999 |
_c17346 _d17346 |
||